Normal view
MARC view
Entry Personal Name
001 - CONTROL NUMBER
- control field: 20026
003 - CONTROL NUMBER IDENTIFIER
- control field: ARRUPE
005 - DATE AND TIME OF LATEST TRANSACTION
- control field: 20151005125421.0
008 - FIXED-LENGTH DATA ELEMENTS
- fixed length control field: 151005|| aca||aabn | a|a d
040 ## - CATALOGING SOURCE
- Original cataloging agency: ARRUPE
- Transcribing agency: ARRUPE
100 ## - HEADING--PERSONAL NAME
- Personal name: Petzet, Heinrich Wiegand,
- Dates associated with a name: 1909-
670 ## - SOURCE DATA FOUND
- Source citation: Work cat.: (ARRUPE)0: Petzet, Heinrich Wiegand, 1909-, Encounters and dialogues with Martin Heidegger, 1929-1976 /, c1993.